Real-time UML: developing efficient objects for embedded systems
Guardat en:
| Autor principal: | |
|---|---|
| Format: | Llibre |
| Idioma: | anglès |
| Publicat: |
Indianápolis
Addison-Wesley
2000
|
| Edició: | 2a. ed |
| Col·lecció: | The Addison-Wesley Object Technology Series
|
| Matèries: | |
| Etiquetes: |
Afegir etiqueta
Sense etiquetes, Sigues el primer a etiquetar aquest registre!
|
MARC
| LEADER | 00000nam a2200000 a 4500 | ||
|---|---|---|---|
| 001 | UCK1419 | ||
| 003 | CL-VaPUC | ||
| 008 | 041112e20000000US |||||||||||||||||eng|d | ||
| 020 | |a 0201657848 | ||
| 082 | 0 | 4 | |a 005.117 |b DOU |2 21 |
| 100 | 0 | |a Douglass, Bruce Powel |e author |9 489236 | |
| 245 | 1 | 0 | |a Real-time UML: developing efficient objects for embedded systems |
| 250 | |a 2a. ed | ||
| 300 | |a 328 p | ||
| 942 | |c BK | ||
| 945 | |d 20041112 00:00:00 |a cmena | ||
| 260 | |a Indianápolis |b Addison-Wesley |c 2000 | ||
| 650 | 0 | |a Programación orientada al objeto |9 387863 | |
| 650 | 0 | |a Proceso de datos |9 259776 | |
| 650 | 0 | |a Programación de computadores |9 259531 | |
| 583 | |a last modification |c 20041112 00:00:00 |k Rodrigo Vera | ||
| 490 | 0 | |a The Addison-Wesley Object Technology Series | |
| 999 | |c 311388 |d 311386 | ||
| 952 | |0 0 |1 0 |4 0 |6 005_117000000000000_DOU_2000 |7 0 |8 A |9 380769 |a BIBING |b BIBING |d 2019-11-21 |i 4078403 |o 005.117 DOU 2000 |p 4078403 |r 2025-01-20 |w 2019-11-21 |y BK |k EII | ||